| Tag |
First Indicator |
Second Indicator |
Subfields |
| LEADER |
00000cam a22000001i 4500 |
| 001 |
in00003934603 |
| 006 |
m d f |
| 007 |
cr bn mmmapmmp |
| 008 |
341025s1934 dcu o f000 0 eng d |
| 005 |
20250210231053.8 |
| 035 |
|
|
|a ebd1933024171
|
| 040 |
|
|
|a UMI
|c UMI
|e rda
|d UtOrBLW
|
| 086 |
0 |
|
|a Y 3.N 21/8:7ap.201D/amdt.1
|
| 099 |
|
|
|a Y3.N21_8..7ap.201D_amdt.1
|
| 110 |
1 |
|
|a United States.
|b National Recovery Administration.
|0 http://id.loc.gov/authorities/names/n50064788
|
| 245 |
1 |
0 |
|a Approved Code No. 201D-Amendment No. 1 :
|b Amendment to Supplementary Code of Fair Competition for the Beauty Equipiment and Supplies Trade (A Division of the Wholesaling or Distributing Trade), as Approved on Aug. 31, 1935.
|
| 264 |
|
1 |
|a [Washington] :
|b [s.n.],
|c 1934.
|
| 300 |
|
|
|a 1 online resource (8 pages), digital, PDF file
|
| 336 |
|
|
|a text
|b txt
|2 rdacontent
|
| 337 |
|
|
|a computer
|b c
|2 rdamedia
|
| 338 |
|
|
|a online resource
|b cr
|2 rdacarrier
|
| 533 |
|
|
|a Electronic reproduction.
|b [Bethesda, Md.] :
|c ProQuest,
|d 2016
|e digital, PDF file.
|n ProQuest U.S. Executive Branch Documents
|n Mode of access: World Wide Web via ProQuest website.
|
| 588 |
|
|
|a Record is based on online resource; title from PDF title page (ProQuest, last viewed July 2016). Reuse except for individual research requires license from ProQuest, LLC.
|
| 650 |
|
0 |
|a Administrative law.
|0 http://id.loc.gov/authorities/subjects/sh85000913
|
| 650 |
|
0 |
|a Public administration.
|0 http://id.loc.gov/authorities/subjects/sh85108611
|
| 650 |
|
0 |
|a Wholesale trade.
|0 http://id.loc.gov/authorities/subjects/sh85146575
|
| 650 |
|
0 |
|a Beauty shops.
|0 http://id.loc.gov/authorities/subjects/sh85012728
|
| 856 |
4 |
0 |
|u http://proxy.library.tamu.edu/login?url=http://congressional.proquest.com/congressional/docview/t66.d71.y3.n21_8..7ap.201d_amdt.1?
|y Electronic resource (PDF)
|t 0
|
| 999 |
f |
f |
|s 894217af-61ea-3037-821f-2bc87ee0b822
|i e795b97c-ae2e-31da-840f-1bb8fe8098f8
|t 0
|
| 952 |
f |
f |
|a Texas A&M University
|b College Station
|c Electronic Resources
|d Available Online
|t 0
|h No information provided
|
| 998 |
f |
f |
|t 0
|l Available Online
|